000
00239nam a22000857a 4500
008
160817b xxu||||| |||| 00| 0 eng d
100
_9
164
_a
Dixon, F, W
245
_a
The Hardly Boys: Case 5 Edge of Destruction
260
_b
Harper Collins
_c
1987
999
_c
2822
_d
2822